Statistics for Jean Dawson Song by Lyrics #2

Click here to take the quiz!

General Stats

  • This quiz has been taken 27 times
  • The average score is 10 of 13

Answer Stats

HintAnswer% Correct
"And all I can focus in
And all the blood under my skin
I don't need no medicine
I am not a regular kid"
Napster
90%
"B****, I might be the boy in the back
Black Björk, my Lord, I'm a little left
Of the block, make the thugs love Simple Plan
Little cous' on the block, f*** a middle man"
Pegasus
90%
"I know all the things that are bad for me
I don't really care what they say, ay
I've been this way since seventeen
Eighteen, nineteen, till I'm in the grave"
Power Freaks
90%
"And they said, "Boy, take this gun and go"
And they said, "Boy, take this gun and go"
And they said, "Boy, take this gun and go"
And they said, "Boy, take this gun and go""
Antiwarp
85%
"Si te vienen a contar
Cositas malas de mi
Manda todos a volar
Y diles que yo no fui"
Blame By Me
85%
"Boy, don't play me, put you on a tee-shirt
Put you where your knees hurt, put you in a grave"
PORN ACTING*
85%
"End of the times is getting closer in time
I saturate all the colors and that shit burning
And the palm trees need no water
I'll spill a whole bottle for my homies in Nevada"
Pyrotechnics
85%
"Ain't it obvious that I'm on the run?
My bones paper thin, get you paper cut
Sitting sideways on the highway
My face full of blue diamonds, mane
I might lane switch"
Bruiseboy
80%
"Turn water into wine
The devil's got her eyes on me
And I been playing God
No wonder why these horns on me"
Flirting*
75%
"Stay or sleep walk, my strut straight fade
Hate all people, I mean I only need my space
It's 3: 05, I ride when it's dark outside
I'm a midnight child"
Dummy
65%
"And that's bad butterflies for those
Who don't speak my tongue
95 down a public street
Bugs splatter all over me"
Mala Mariposa
60%
"You're trying to kill me, I know
You're trying to end me, I'm sure
You're trying to make me your corpse
You're trying to make me your ghost"
Ssick Girl Online
60%
"Owe enough, they think I'm not real
Open up, they think I'm not real
Owe enough, they can see me skill"
Ooga Booga
35%

Score Distribution

Percentile by Number Answered

Percent of People with Each Score

Your Score History

You have not taken this quiz